00854cam a22002171 4500001001300000003000400013005001700017008004100034010001700075035001900092040001600111050002100127100003100148245007300179260004400252300005900296490006300355500003700418500014400455700003700599af 47003208 DLC20260227110818.0751125s1946 fr 000 0 fre  aaf 47003208  a(OCoLC)1852484 aDLCcFdDLC00aPQ2464b.A2 19461 aVerlaine, Paul,d1844-189600aConfessions,bnotes autobiographiques.cPreface de Leon Paul Fargue. aParis,bEditions du Bateau Ivrec[1946] a2 p. l., vii-xvii, [1] p. 1 l., 21-224, [2] p.c19 cm.0 aCollection Chefs d'euvre d'hier, dirigee par J. P. Dorian. aAt head of title: Paul Verlaine. a"Ces Confessions ... parurent ... d'abord a la Librarie de Fin de siecle en 1895, puis a la Bibliotheque artistique et litteraire en 1897."1 aFargue, Léon-Paul,d1876-1947.